| 000 | 00750nam a2200229 u 4500 | ||
|---|---|---|---|
| 005 | 20220920063626.0 | ||
| 008 | 080507s2004 mx r 000 0 spa d | ||
| 020 | _a9681674529 | ||
| 035 | _aUPN01000155778 | ||
| 049 | _aI | ||
| 050 | 4 |
_aPZ71 _bM3.84 |
|
| 100 | 1 |
_aMaar, Paul, _d1937- _933366 |
|
| 245 | 1 | 3 |
_aEl viaje de Lisa / _cPaul Maar ; tr. Pablo Martínez Lozada ; il. Kestutis Kasparavicius. |
| 260 |
_aMéxico : _bFCE, _c2004. |
||
| 300 |
_a[25] p. : _bprincipalmente il. col. |
||
| 440 | 4 | _aLos especiales de A la orilla del viento | |
| 534 |
_pTítulo original : _tLisas Reise |
||
| 650 | 0 |
_aLiteratura infantil alemana _99171 |
|
| 650 | 0 |
_aSueños _91571 |
|
| 700 | 1 |
_aKasparavicius, Kestutis, _d1954- _eil. _933365 |
|
| 905 | _aInfantil | ||
| 999 |
_c127892 _d127892 |
||